000 00360nam a2200121Ia 4500
008 230907s9999||||xx |||||||||||||| ||und||
082 _a658.500151
_bALB
100 _aAlbright, S. Christian.
_920687
245 0 _aData analysis and decision making /
260 _aSouth-Western/Cengage Learning,
_bMason, Ohio :
_c2011
300 _axvi, 1061 p. :
942 _cBK
999 _c599013
_d599013